[Event "Moscow Petrosian Memorial U18"]
[Site "Moscow"]
[Date "2007.01.??"]
[Round "2"]
[White "Kuchkin, Maksjm"]
[Black "Isagov, Elnur"]
[Result "0-1"]
[WhiteElo "1988"]
[BlackElo "2177"]
[PlyCount "126"]
[EventDate "2007.01.??"]
[EventType "swiss"]
[EventRounds "9"]
[EventCountry "RUS"]
[SourceTitle "EXT 2008"]
[Source "ChessBase"]
[SourceDate "2007.11.25"]
[SourceVersion "1"]
[SourceVersionDate "2007.11.25"]
[SourceQuality "1"]

1. e4 d6 2. d4 Nf6 3. Nc3 g6 4. Nf3 Bg7 5. Be2 0-0 6. 0-0 c6 7. Re1 Qc7 8. Bf1 e5 9. h3 h6 10. Be3 Kh7 11. a4 Be6 12. Nd2 Ng4 13. d5 Nxe3 14. Rxe3 cxd5 15. exd5 Bd7 16. Nce4 Bf5 17. Ng3 Bc8 18. Ne2 f5 19. Rb3 Nd7 20. Nc3 Nc5 21. Rba3 Qe7 22. Nc4 Rd8 23. Nb5 Ne4 24. Nd2 Nf6 25. c4 a6 26. Nc3 e4 27. Qe1 Re8 28. Ne2 Qe5 29. f4 exf3 30. Nxf3 Qxb2 31. Qb1 Ne4 32. Qd1 Qb6+ 33. Ned4 Ng5 34. Kh1 Nxf3 35. Nxf3 Bxa1 36. Qxa1 Qc7 37. Bd3 Qe7 38. Ra2 Bd7 39. Qb1 b5 40. axb5 axb5 41. Rxa8 Rxa8 42. cxb5 Rb8 43. Qb4 Kg8 44. Kh2 g5 45. Nd4 Qe5+ 46. Kh1 Qf4 47. Qb2 Qe5 48. Qb4 Ra8 49. Nc2 g4 50. hxg4 fxg4 51. Qe4 Qxe4 52. Bxe4 g3 53. Bd3 Rc8 54. b6 Rb8 55. Kg1 Rxb6 56. Kf1 Rb2 57. Ke2 Ba4 58. Kd2 Bxc2 59. Bxc2 Kg7 60. Kc3 Ra2 61. Be4 Kf6 62. Kb3 Ke5 63. Bf3 Rf2 0-1

[Event "Moscow Petrosian Memorial U18"]
[Site "Moscow"]
[Date "2007.01.??"]
[Round "5"]
[White "Markosian, Sarkis"]
[Black "Kuchkin, Maksjm"]
[Result "1-0"]
[WhiteElo "2083"]
[BlackElo "1988"]
[PlyCount "55"]
[EventDate "2007.01.??"]
[EventType "swiss"]
[EventRounds "9"]
[EventCountry "RUS"]
[SourceTitle "EXT 2008"]
[Source "ChessBase"]
[SourceDate "2007.11.25"]
[SourceVersion "1"]
[SourceVersionDate "2007.11.25"]
[SourceQuality "1"]

1. e4 e6 2. d4 d5 3. Nc3 Bb4 4. e5 c5 5. a3 Bxc3+ 6. bxc3 Qa5 7. Bd2 Qa4 8. Be3 Nc6 9. Bd3 Nge7 10. Nf3 c4 11. Be2 Bd7 12. 0-0 0-0-0 13. Qd2 f6 14. Rfb1 b6 15. Bf4 Nf5 16. h3 h5 17. Bh2 Rdg8 18. exf6 gxf6 19. Qf4 e5 20. dxe5 fxe5 21. Nxe5 Nxe5 22. Qxe5 Kb7 23. Bf3 Qc6 24. Bxd5 Rxg2+ 25. Kxg2 Rg8+ 26. Kf1 Ne3+ 27. fxe3 Bxh3+ 28. Ke1 1-0

[Event "UKR-ch sf U18"]
[Site "Kharkov"]
[Date "2006.12.08"]
[Round "7"]
[White "Demidiukov, Eugene"]
[Black "Kuchkin, Maksjm"]
[Result "0-1"]
[WhiteElo "2154"]
[BlackElo "1988"]
[PlyCount "72"]
[EventDate "2006.12.02"]
[EventType "swiss"]
[EventRounds "9"]
[EventCountry "UKR"]
[SourceTitle "EXT 2023"]
[Source "ChessBase"]
[SourceDate "2022.10.05"]
[SourceVersion "1"]
[SourceVersionDate "2022.10.05"]
[SourceQuality "1"]

1. d4 d5 2. Nc3 Bf5 3. f3 Nf6 4. Bg5 h6 5. Bh4 c5 6. e4 dxe4 7. Bb5+ Bd7 8. dxc5 Qa5 9. Bxd7+ Nbxd7 10. Bxf6 exf6 11. Qd5 0-0-0 12. 0-0-0 Bxc5 13. Qxe4 Rhe8 14. Qg4 g6 15. Nge2 f5 16. Qc4 Ne5 17. Qb3 Qb6 18. Qa4 Qc6 19. Rxd8+ Rxd8 20. Qf4 Nc4 21. Kb1 Be3 22. Qh4 Bg5 23. Qf2 Bf6 24. Qxa7 Rd2 25. Rd1 Rxd1+ 26. Nxd1 Qb5 27. Nd4 Qd5 28. c3 f4 29. a4 Ne3 30. Nxe3 fxe3 31. Kc1 Be5 32. Kd1 Bxh2 33. a5 Bb8 34. Qb6 Qc4 35. Qb5 e2+ 36. Kd2 Bf4+ 0-1

[Event "UKR-ch sf U18"]
[Site "Kharkov"]
[Date "2006.12.07"]
[Round "6"]
[White "Kuchkin, Maksjm"]
[Black "Aridov, Vladimir"]
[Result "1-0"]
[WhiteElo "1988"]
[BlackElo "2166"]
[PlyCount "137"]
[EventDate "2006.12.02"]
[EventType "swiss"]
[EventRounds "9"]
[EventCountry "UKR"]
[SourceTitle "EXT 2023"]
[Source "ChessBase"]
[SourceDate "2022.10.05"]
[SourceVersion "1"]
[SourceVersionDate "2022.10.05"]
[SourceQuality "1"]

1. e4 c6 2. d4 g6 3. Nf3 Bg7 4. c4 d6 5. Be2 Nf6 6. Nc3 0-0 7. 0-0 Qc7 8. Bg5 e5 9. d5 h6 10. Bd2 Na6 11. Ne1 Nc5 12. Qc2 a5 13. Be3 Nfd7 14. Nd3 f5 15. f3 f4 16. Bf2 Nxd3 17. Bxd3 c5 18. a3 Nf6 19. b4 b6 20. bxc5 bxc5 21. Rfb1 g5 22. Qb3 Qf7 23. Na4 g4 24. Nb6 Rb8 25. Qd1 Qg6 26. Nxc8 Rbxc8 27. Be1 a4 28. Rb7 Rf7 29. Rab1 Rcc7 30. Rxc7 Rxc7 31. Bh4 gxf3 32. Qxf3 Ng4 33. Rb8+ Kh7 34. h3 Ne3 35. Bf2 h5 36. Bxe3 fxe3 37. Qf5 Rf7 38. Qxg6+ Kxg6 39. Rb2 h4 40. Be2 Rf2 41. Rc2 Kg5 42. Bd1 Rf7 43. Rb2 Kf4 44. Bh5 Rf8 45. Bf3 Kg3 46. Rb7 Bh6 47. Rb2 Rxf3 48. gxf3 Kxf3 49. Kf1 Bg5 50. Rc2 Bd8 51. Rh2 Ba5 52. Rg2 Bd2 53. Rh2 Bc1 54. Rf2+ Kxe4 55. Rc2 Bd2 56. Ke2 Kd4 57. Kd1 Bc3 58. Ke2 Kxc4 59. Kxe3 Kb3 60. Rg2 Bb2 61. Rg6 Bxa3 62. Rxd6 Bc1+ 63. Ke4 a3 64. Rb6+ Kc3 65. Kf5 e4 66. d6 e3 67. d7 e2 68. Re6 Be3 69. d8Q 1-0

[Event "Chalkidiki op-B 2nd"]
[Site "Kallithea"]
[Date "2006.04.29"]
[Round "6.5"]
[White "Kuchkin, Maksjm"]
[Black "Kanakaris, Georgios"]
[Result "1-0"]
[WhiteElo "2027"]
[BlackElo "2127"]
[PlyCount "63"]
[EventDate "2006.04.25"]
[EventType "swiss"]
[EventRounds "9"]
[EventCountry "GRE"]
[SourceTitle "CBM 112 Extra"]
[Source "ChessBase"]
[SourceDate "2006.07.14"]
[SourceVersion "1"]
[SourceVersionDate "2006.07.14"]
[SourceQuality "1"]

1. e4 e6 2. d4 d5 3. Nc3 Bb4 4. e5 c5 5. Bd2 Nc6 6. Nb5 Bxd2+ 7. Qxd2 Nxd4 8. Nxd4 cxd4 9. f4 Qb6 10. 0-0-0 Ne7 11. Nf3 Bd7 12. Nxd4 Rc8 13. Kb1 a6 14. g4 Qc7 15. Bd3 Nc6 16. Nf3 Na5 17. f5 Nc4 18. Bxc4 dxc4 19. Qg5 Rg8 20. Qh5 h6 21. Rd6 g6 22. fxg6 Rxg6 23. Rhd1 c3 24. Rxd7 Qxd7 25. Rxd7 Kxd7 26. Nh4 Rg7 27. h3 Rh8 28. bxc3 Ke7 29. Nf3 f6 30. Qh4 Rf7 31. Nd2 Kd7 32. exf6 1-0